[Event "Bad Wiessee Senioren Cup 8th"]
[Site "Bad Wiessee"]
[Date "2019.05.16"]
[Round "6"]
[White "Lodes, Hermann"]
[Black "Baum, Bernd"]
[Result "1-0"]
[WhiteElo "2083"]
[BlackElo "2183"]
[PlyCount "95"]
[EventDate "2019.05.11"]
[EventType "swiss"]
[EventRounds "9"]
[EventCountry "GER"]
[SourceTitle "EXT 2020"]
[Source "ChessBase"]
[SourceDate "2019.10.17"]
[SourceVersion "1"]
[SourceVersionDate "2019.10.17"]
[SourceQuality "1"]

1. c4 c5 2. Nc3 Nc6 3. g3 g6 4. Bg2 Bg7 5. a3 d6 6. e3 e5 7. Nge2 Nge7 8. 0-0 0-0 9. Rb1 a5 10. d3 Rb8 11. b3 Bg4 12. h3 Be6 13. Nd5 f5 14. f4 Bf7 15. Nec3 Re8 16. Qc2 exf4 17. gxf4 Kh8 18. Qf2 Ng8 19. Bb2 Nce7 20. a4 Nxd5 21. Nxd5 Nf6 22. Nxf6 Bxf6 23. e4 Be6 24. Rbd1 Kg8 25. e5 Bh4 26. Qf3 Qb6 27. exd6 Qxb3 28. d7 Rf8 29. Qe2 Qb6 30. Be5 Ra8 31. Rb1 Qd8 32. Rxb7 Ra6 33. Rfb1 Bf6 34. Rb8 Bxe5 35. Rxd8 Bd4+ 36. Kh2 Rxd8 37. Bd5 Kf7 38. Re1 Bc3 39. Bxe6+ Kf6 40. Bd5 Rxd7 41. Rb1 Re7 42. Qf2 Kg7 43. Qxc5 Raa7 44. Qf2 h6 45. Rb6 Rad7 46. Qg2 Bf6 47. Rxf6 Kxf6 48. Qb2+ 1-0

[Event "Bad Wiessee Senioren Cup 8th"]
[Site "Bad Wiessee"]
[Date "2019.05.14"]
[Round "4"]
[White "Lodes, Hermann"]
[Black "Krulich, Roman"]
[Result "1-0"]
[WhiteElo "2083"]
[BlackElo "2173"]
[PlyCount "87"]
[EventDate "2019.05.11"]
[EventType "swiss"]
[EventRounds "9"]
[EventCountry "GER"]
[SourceTitle "EXT 2020"]
[Source "ChessBase"]
[SourceDate "2019.10.17"]
[SourceVersion "1"]
[SourceVersionDate "2019.10.17"]
[SourceQuality "1"]

1. c4 c5 2. Nc3 Nc6 3. g3 g6 4. Bg2 Bg7 5. e4 e6 6. Nge2 Nge7 7. 0-0 0-0 8. Rb1 b6 9. a3 Bb7 10. d3 Nd4 11. b4 d6 12. Nxd4 cxd4 13. Ne2 Qd7 14. Bb2 e5 15. b5 f5 16. Bh3 Qe8 17. f3 g5 18. g4 fxg4 19. fxg4 Ng6 20. Rxf8+ Bxf8 21. Ng3 Nf4 22. Bf1 Rd8 23. Bc1 Qg6 24. a4 Bc8 25. Nf5 Rd7 26. Rb2 Rf7 27. Kh1 Kh8 28. Ra2 h6 29. a5 bxa5 30. Rxa5 h5 31. Bxf4 gxf4 32. gxh5 Qg5 33. Bh3 Bxf5 34. Bxf5 f3 35. Ra2 Qe3 36. Qf1 d5 37. Rf2 Rxf5 38. exf5 e4 39. cxd5 Bd6 40. dxe4 Qxe4 41. Rxf3 Qxd5 42. f6 Qxh5 43. Qg2 Qf7 44. Rh3+ 1-0

[Event "Bayern-chI Bank Hofmann 22nd"]
[Site "Tegernsee"]
[Date "2018.10.28"]
[Round "2"]
[White "Weber, Ulrich"]
[Black "Lodes, Hermann"]
[Result "1-0"]
[WhiteElo "2347"]
[BlackElo "2064"]
[PlyCount "87"]
[EventDate "2018.10.27"]
[EventType "swiss"]
[EventRounds "9"]
[EventCountry "GER"]
[SourceTitle "CBM 187 Extra"]
[Source "ChessBase"]
[SourceDate "2018.11.04"]
[SourceVersion "1"]
[SourceVersionDate "2018.11.04"]
[SourceQuality "1"]

1. Nf3 d5 2. g3 Nf6 3. Bg2 Bf5 4. d3 e6 5. 0-0 h6 6. c4 c6 7. Qb3 Qb6 8. Qxb6 axb6 9. cxd5 exd5 10. Nd4 Bg6 11. Nc3 b5 12. Bf4 Nbd7 13. a3 Be7 14. Bh3 0-0 15. Nf5 Bxf5 16. Bxf5 b4 17. axb4 Bxb4 18. Be3 Rfe8 19. Rfc1 Bd6 20. Bh3 Be5 21. d4 Bd6 22. Bd2 Nb6 23. b3 Kf8 24. e3 Kg8 25. Nd1 Nbd7 26. Be1 g6 27. Kf1 Kg7 28. Rcb1 Nb6 29. Nb2 Nfd7 30. Nd3 f5 31. Bc3 Rxa1 32. Rxa1 Ra8 33. Nc5 Rxa1+ 34. Bxa1 Kf7 35. Nxb7 Bc7 36. Bc3 Nc8 37. f3 Nf6 38. Kf2 Nd6 39. Nc5 g5 40. Na6 Nde4+ 41. fxe4 Nxe4+ 42. Ke1 Bxg3+ 43. hxg3 Nxc3 44. Bxf5 1-0

[Event "Nuremberg Zabo op 18th"]
[Site "Nuremberg"]
[Date "2016.09.18"]
[Round "5"]
[White "Lodes, Hermann"]
[Black "Hirn, Oskar"]
[Result "1/2-1/2"]
[WhiteElo "2169"]
[BlackElo "2129"]
[PlyCount "29"]
[EventDate "2016.09.16"]
[EventType "swiss"]
[EventRounds "5"]
[EventCountry "GER"]
[SourceTitle "EXT 2018"]
[Source "ChessBase"]
[SourceDate "2017.10.13"]
[SourceVersion "1"]
[SourceVersionDate "2017.10.13"]
[SourceQuality "1"]

1. c4 Nf6 2. g3 e6 3. Bg2 d5 4. d4 Be7 5. Nf3 0-0 6. Qc2 Nbd7 7. Nbd2 c6 8. 0-0 b5 9. c5 a5 10. e4 dxe4 11. Nxe4 Nd5 12. Nc3 N7f6 13. Ne5 Qc7 14. Bg5 Re8 15. Rfe1 1/2-1/2

[Event "Nuremberg Zabo op 18th"]
[Site "Nuremberg"]
[Date "2016.09.16"]
[Round "1"]
[White "Lodes, Hermann"]
[Black "Grossner, Josef"]
[Result "1-0"]
[WhiteElo "2169"]
[BlackElo "1661"]
[PlyCount "83"]
[EventDate "2016.09.16"]
[EventType "swiss"]
[EventRounds "5"]
[EventCountry "GER"]
[SourceTitle "EXT 2018"]
[Source "ChessBase"]
[SourceDate "2017.10.13"]
[SourceVersion "1"]
[SourceVersionDate "2017.10.13"]
[SourceQuality "1"]

1. c4 e6 2. g3 Nf6 3. Bg2 c6 4. d4 d5 5. Qc2 Be7 6. Nd2 0-0 7. Ngf3 Nbd7 8. 0-0 Re8 9. b3 Nf8 10. Bb2 Bd7 11. e4 dxe4 12. Nxe4 Nxe4 13. Qxe4 Bf6 14. Ne5 Qb6 15. Ba3 Be7 16. Bxe7 Rxe7 17. c5 Qc7 18. f4 f6 19. Nc4 Ng6 20. Nd6 Nh8 21. Bh3 Ng6 22. Bg2 Rd8 23. Rf2 Bc8 24. Bf1 f5 25. Qe3 Nh8 26. Re1 Kf8 27. Rd2 Nf7 28. Nc4 Nh6 29. Ne5 Nf7 30. Red1 Bd7 31. Bc4 Bc8 32. b4 a6 33. Qb3 Rde8 34. a4 Bd7 35. Qf3 Rc8 36. Qh5 Kg8 37. Rg2 Be8 38. Qf3 Bd7 39. g4 fxg4 40. Qxg4 Nh6 41. Qg5 Nf5 42. Qxf5 1-0

[Event "Pyramiden Franken Cup"]
[Site "Fuerth"]
[Date "2016.09.03"]
[Round "4"]
[White "Lodes, Hermann"]
[Black "Schunk, Eduard"]
[Result "0-1"]
[WhiteElo "2169"]
[BlackElo "2316"]
[PlyCount "115"]
[EventDate "2016.09.01"]
[EventType "swiss"]
[EventRounds "7"]
[EventCountry "GER"]
[SourceTitle "CBM 174 Extra"]
[Source "ChessBase"]
[SourceDate "2016.10.10"]
[SourceVersion "1"]
[SourceVersionDate "2016.10.10"]
[SourceQuality "1"]

1. d4 Nf6 2. g3 g6 3. Bg2 Bg7 4. e4 d6 5. Nc3 0-0 6. Nge2 Nbd7 7. h3 e5 8. Be3 exd4 9. Bxd4 Re8 10. 0-0 c6 11. a4 a5 12. g4 h6 13. Ng3 b6 14. f4 Bb7 15. Qd2 Qe7 16. Rad1 Rad8 17. Rfe1 Qf8 18. Bf2 Nc5 19. Bd4 d5 20. exd5 Nxd5 21. Nxd5 cxd5 22. Bxg7 Qxg7 23. b3 Qb2 24. f5 g5 25. Qf2 Qc3 26. Nh5 Kf8 27. h4 Rxe1+ 28. Rxe1 Re8 29. Rxe8+ Kxe8 30. Qe2+ Kd8 31. hxg5 hxg5 32. f6 Ne6 33. Kh1 Kc7 34. Qf2 Qa1+ 35. Kh2 Qe5+ 36. Kh1 Qd4 37. Qg3+ Kd7 38. Qb8 Bc6 39. Qg8 Nd8 40. Qxg5 Qd1+ 41. Kh2 Qxc2 42. Nf4 d4 43. Qe5 Ne6 44. Nd5 Qxb3 45. g5 Bxd5 46. Bxd5 Qc2+ 47. Bg2 Qc7 48. Qxc7+ Kxc7 49. g6 fxg6 50. Be4 Nf8 51. Kg3 Kd6 52. Kf4 Ke6 53. Kg5 Nh7+ 54. Kxg6 Nxf6 55. Bd3 Nd7 56. Bf5+ Kd6 57. Kg5 Nc5 58. Bc2 0-1

[Event "Nuremberg Zabo op 17th"]
[Site "Nuremberg"]
[Date "2015.09.21"]
[Round "3"]
[White "Lodes, Hermann"]
[Black "Klein, Waldemar"]
[Result "1-0"]
[WhiteElo "2074"]
[BlackElo "1833"]
[PlyCount "97"]
[EventDate "2015.09.21"]
[EventType "swiss"]
[EventRounds "5"]
[EventCountry "GER"]
[SourceTitle "EXT 2018"]
[Source "ChessBase"]
[SourceDate "2017.10.13"]
[SourceVersion "1"]
[SourceVersionDate "2017.10.13"]
[SourceQuality "1"]

1. c4 e6 2. g3 d5 3. Bg2 c6 4. Nf3 Nf6 5. 0-0 Bd6 6. d4 Nbd7 7. Nbd2 0-0 8. b3 e5 9. dxe5 Nxe5 10. Bb2 Nxf3+ 11. Nxf3 dxc4 12. bxc4 Qe7 13. Qc2 Re8 14. e3 Ng4 15. h3 Ne5 16. Nd4 Be6 17. c5 Bc7 18. Nxe6 Qxe6 19. Bd4 Nd7 20. Qb2 Rab8 21. Qa3 a6 22. Rad1 Nf6 23. Bxf6 Qxf6 24. Rd7 Re7 25. Rfd1 Qe6 26. R7d3 Kf8 27. Qa4 Ke8 28. Qc2 g6 29. Qa4 Qe5 30. Qc4 Rd8 31. Qb4 Rxd3 32. Rxd3 Qa1+ 33. Bf1 Rd7 34. Rxd7 Kxd7 35. Qxb7 Qxa2 36. Bxa6 Qa1+ 37. Kh2 Qa5 38. Qc8+ Ke7 39. Bb7 Bd8 40. Qxc6 Qc7 41. Qxc7+ Bxc7 42. Bd5 h6 43. Kg2 f5 44. f4 g5 45. Kf3 gxf4 46. exf4 h5 47. Ke3 Kf6 48. Bf3 Kg6 49. h4 1-0

[Event "Pyramiden Franken Cup"]
[Site "Fuerth"]
[Date "2015.09.06"]
[Round "7"]
[White "Lodes, Hermann"]
[Black "Dorst, Johannes"]
[Result "1/2-1/2"]
[WhiteElo "2129"]
[BlackElo "2223"]
[PlyCount "61"]
[EventDate "2015.09.03"]
[EventType "swiss"]
[EventRounds "7"]
[EventCountry "GER"]
[SourceTitle "EXT 2016"]
[Source "ChessBase"]
[SourceDate "2015.10.08"]
[SourceVersion "1"]
[SourceVersionDate "2015.10.08"]
[SourceQuality "1"]

1. d4 Nf6 2. g3 c5 3. c3 Qa5 4. dxc5 Qxc5 5. Bg2 d5 6. Nf3 Nc6 7. b3 e5 8. Ba3 Qa5 9. Bxf8 Kxf8 10. 0-0 g6 11. Qc1 Kg7 12. c4 dxc4 13. Qxc4 Be6 14. Qc3 Qxc3 15. Nxc3 Rac8 16. e3 Rhd8 17. Rfd1 Rxd1+ 18. Nxd1 h6 19. Rc1 Nd5 20. Nxe5 Nxe3 21. Nxe3 Nxe5 22. Rxc8 Bxc8 23. a3 Kf6 24. Be4 Nd7 25. f4 Ke7 26. b4 Kd6 27. Nc4+ Kc7 28. Bd5 f6 29. Kf2 Nb6 30. Nxb6 Kxb6 31. Bc4 1/2-1/2

[Event "Pyramiden Franken Cup"]
[Site "Fuerth"]
[Date "2015.09.06"]
[Round "6"]
[White "Ott, Florian"]
[Black "Lodes, Hermann"]
[Result "1/2-1/2"]
[WhiteElo "2273"]
[BlackElo "2129"]
[PlyCount "47"]
[EventDate "2015.09.03"]
[EventType "swiss"]
[EventRounds "7"]
[EventCountry "GER"]
[SourceTitle "EXT 2016"]
[Source "ChessBase"]
[SourceDate "2015.10.08"]
[SourceVersion "1"]
[SourceVersionDate "2015.10.08"]
[SourceQuality "1"]

1. d4 d5 2. c4 c6 3. Nc3 Nf6 4. e3 e6 5. Nf3 Nbd7 6. Qc2 Bd6 7. Bd3 dxc4 8. Bxc4 e5 9. h3 0-0 10. 0-0 Qe7 11. Rd1 h6 12. Nh4 Nb6 13. Ng6 Qc7 14. dxe5 Bxe5 15. Nxe5 Qxe5 16. Bd3 Nfd5 17. Nxd5 Nxd5 18. a3 f5 19. Bd2 Be6 20. Bc4 Rf7 21. Bc3 Nxc3 22. Bxe6 Qxe6 23. Qxc3 f4 24. exf4 1/2-1/2

[Event "Pyramiden Franken Cup"]
[Site "Fuerth"]
[Date "2015.09.03"]
[Round "1"]
[White "Lodes, Hermann"]
[Black "Vogel, Karlheinz"]
[Result "1-0"]
[WhiteElo "2129"]
[BlackElo "1706"]
[PlyCount "37"]
[EventDate "2015.09.03"]
[EventType "swiss"]
[EventRounds "7"]
[EventCountry "GER"]
[SourceTitle "EXT 2016"]
[Source "ChessBase"]
[SourceDate "2015.10.08"]
[SourceVersion "1"]
[SourceVersionDate "2015.10.08"]
[SourceQuality "1"]

1. c4 f5 2. Nc3 Nf6 3. d4 g6 4. g3 Bg7 5. Bg2 0-0 6. Nf3 c6 7. d5 Qb6 8. 0-0 Na6 9. Rb1 cxd5 10. Nxd5 Nxd5 11. Qxd5+ e6 12. Qd2 Nc5 13. Qc2 a5 14. b3 Ne4 15. Be3 Qc7 16. Nd4 Nd6 17. c5 Bxd4 18. Bxd4 Rb8 19. Be5 1-0

[Event "Nuremberg Zabo op 16th"]
[Site "Nuremberg"]
[Date "2014.09.20"]
[Round "3"]
[White "Lodes, Hermann"]
[Black "Werner, Thomas1"]
[Result "1/2-1/2"]
[WhiteElo "2074"]
[BlackElo "1925"]
[PlyCount "96"]
[EventDate "2014.09.19"]
[EventType "swiss"]
[EventRounds "5"]
[EventCountry "GER"]
[SourceTitle "EXT 2018"]
[Source "ChessBase"]
[SourceDate "2017.10.13"]
[SourceVersion "1"]
[SourceVersionDate "2017.10.13"]
[SourceQuality "1"]

1. e4 c6 2. c4 d5 3. exd5 cxd5 4. cxd5 Nf6 5. Bb5+ Nbd7 6. Nc3 a6 7. Qa4 Rb8 8. Bxd7+ Qxd7 9. Qf4 Ra8 10. d6 e6 11. Nge2 Bxd6 12. Qf3 Rb8 13. 0-0 b5 14. Ne4 Nxe4 15. Qxe4 0-0 16. d4 Bb7 17. Qh4 Rbc8 18. f3 Rc4 19. Qe1 Bb8 20. b3 Rcc8 21. Ba3 Rfd8 22. Rc1 Rxc1 23. Qxc1 Rc8 24. Bc5 Qc7 25. g3 e5 26. b4 exd4 27. Nxd4 Qe5 28. Qd2 Re8 29. Kf2 h5 30. Re1 Qxe1+ 31. Qxe1 Rxe1 32. Kxe1 f6 33. Kf2 Kf7 34. a3 h4 35. Nf5 hxg3+ 36. hxg3 Bd5 37. f4 g6 38. Nd4 f5 39. Ke3 Bc7 40. Ne2 Bc4 41. Nd4 Kf6 42. Nf3 Bd5 43. Ng5 Bg2 44. Bd4+ Ke7 45. Bc5+ Kd7 46. Kd4 Bd8 47. Ke5 Bxg5 48. fxg5 Bf3 1/2-1/2

[Event "Rail 6 countries 24th"]
[Site "Bad Salzuflen"]
[Date "2013.06.28"]
[Round "2.3"]
[White "Lodes, Hermann"]
[Black "Muzik, Martin"]
[Result "1/2-1/2"]
[WhiteElo "2144"]
[BlackElo "2155"]
[PlyCount "29"]
[EventDate "2013.06.28"]
[EventType "team-tourn"]
[EventRounds "5"]
[EventCountry "GER"]
[SourceTitle "EXT 2014"]
[Source "ChessBase"]
[SourceDate "2013.11.20"]
[SourceVersion "1"]
[SourceVersionDate "2013.11.20"]
[SourceQuality "1"]
[WhiteTeam "Germany"]
[BlackTeam "Czech Republic"]
[WhiteTeamCountry "GER"]
[BlackTeamCountry "CZE"]

1. c4 c6 2. Nf3 d5 3. d4 Nf6 4. Qc2 a6 5. g3 b5 6. cxb5 cxb5 7. Bg2 Bb7 8. 0-0 Nc6 9. Nbd2 Rc8 10. Qd1 e6 11. Nb3 Qb6 12. Be3 Be7 13. Rc1 0-0 14. Ne5 Rfd8 15. Nxc6 1/2-1/2

[Event "Nuremberg LGA Cup 9th"]
[Site "Nuremberg"]
[Date "2012.09.09"]
[Round "6"]
[White "Lodes, Hermann"]
[Black "Nuber, Korbinian"]
[Result "1/2-1/2"]
[WhiteElo "2132"]
[BlackElo "2302"]
[PlyCount "36"]
[EventDate "2012.09.06"]
[EventType "swiss"]
[EventRounds "7"]
[EventCountry "GER"]
[SourceTitle "CBM 150 Extra"]
[Source "ChessBase"]
[SourceDate "2012.10.19"]
[SourceVersion "1"]
[SourceVersionDate "2012.10.19"]
[SourceQuality "1"]

1. d4 d5 2. c4 c6 3. Nc3 Nf6 4. Nf3 e6 5. cxd5 exd5 6. Qc2 Bd6 7. Bg5 Qe7 8. Nxd5 Qd8 9. Nxf6+ gxf6 10. Bd2 Be6 11. g3 Na6 12. a3 Qd7 13. Bc3 0-0-0 14. e4 Bc7 15. 0-0-0 Bg4 16. Rd3 Bb6 17. Nd2 f5 18. f3 fxe4 1/2-1/2

[Event "Nuremberg LGA Cup 9th"]
[Site "Nuremberg"]
[Date "2012.09.09"]
[Round "7"]
[White "Zwahr, Paul"]
[Black "Lodes, Hermann"]
[Result "1/2-1/2"]
[WhiteElo "2320"]
[BlackElo "2132"]
[PlyCount "75"]
[EventDate "2012.09.06"]
[EventType "swiss"]
[EventRounds "7"]
[EventCountry "GER"]
[SourceTitle "CBM 150 Extra"]
[Source "ChessBase"]
[SourceDate "2012.10.19"]
[SourceVersion "1"]
[SourceVersionDate "2012.10.19"]
[SourceQuality "1"]

1. e4 c6 2. d4 d5 3. Nc3 dxe4 4. Nxe4 Bf5 5. Ng3 Bg6 6. h4 h6 7. N1e2 e6 8. Nf4 Bh7 9. Bd3 Bxd3 10. Qxd3 Nf6 11. Bd2 Nbd7 12. 0-0-0 Qc7 13. Nfh5 0-0-0 14. Qf3 Nxh5 15. Nxh5 Nb6 16. Bf4 Qd7 17. Be5 f6 18. Bg3 Qd5 19. Qxd5 exd5 20. Rhe1 Kd7 21. Re2 Re8 22. Rde1 Rxe2 23. Rxe2 Nc8 24. f3 Rg8 25. Bf4 Be7 26. g4 g6 27. Ng3 Bd6 28. Bxd6 Nxd6 29. Kd2 Re8 30. b3 Rxe2+ 31. Nxe2 Ke7 32. Kd3 g5 33. h5 f5 34. c4 fxg4 35. fxg4 Ne4 36. Ke3 Kd6 37. Nc1 Nf6 38. c5+ 1/2-1/2

[Event "Bad Woerishofen op 28th"]
[Site "Bad Woerishofen"]
[Date "2012.03.09"]
[Round "8"]
[White "Lodes, Hermann"]
[Black "Meister, Jakob"]
[Result "0-1"]
[WhiteElo "2126"]
[BlackElo "2494"]
[PlyCount "52"]
[EventDate "2012.03.02"]
[EventType "swiss"]
[EventRounds "9"]
[EventCountry "GER"]
[SourceTitle "EXT 2019"]
[Source "ChessBase"]
[SourceDate "2018.10.10"]
[SourceVersion "1"]
[SourceVersionDate "2018.10.10"]
[SourceQuality "1"]

1. e4 c5 2. c4 Nc6 3. Nc3 g6 4. g3 Bg7 5. Bg2 a6 6. Nge2 Rb8 7. f4 b5 8. cxb5 axb5 9. 0-0 Nd4 10. Nxd4 Bxd4+ 11. Kh1 d6 12. h3 Bg7 13. Qe2 b4 14. Nd5 e6 15. Ne3 Ne7 16. f5 Nc6 17. f6 Bf8 18. g4 Bh6 19. d3 e5 20. Nd5 Bxc1 21. Raxc1 Be6 22. Qd2 Qd7 23. Kh2 Bxd5 24. exd5 Nd4 25. Be4 b3 26. a3 h5 0-1

[Event "Bad Woerishofen op 28th"]
[Site "Bad Woerishofen"]
[Date "2012.03.05"]
[Round "4"]
[White "Lodes, Hermann"]
[Black "Friedrich, Norbert"]
[Result "0-1"]
[WhiteElo "2126"]
[BlackElo "2318"]
[PlyCount "102"]
[EventDate "2012.03.02"]
[EventType "swiss"]
[EventRounds "9"]
[EventCountry "GER"]
[SourceTitle "EXT 2019"]
[Source "ChessBase"]
[SourceDate "2018.10.10"]
[SourceVersion "1"]
[SourceVersionDate "2018.10.10"]
[SourceQuality "1"]

1. d4 d5 2. c4 c6 3. Nc3 Nf6 4. Nf3 e6 5. cxd5 exd5 6. Qc2 g6 7. Bg5 Be7 8. e3 Bf5 9. Bd3 Bxd3 10. Qxd3 Nbd7 11. h3 0-0 12. Bf4 Nb6 13. 0-0 Bd6 14. Bxd6 Qxd6 15. Ne5 Nbd7 16. f4 Rae8 17. Rae1 Qe7 18. Qc2 Kg7 19. Rf3 Ne4 20. Nxe4 dxe4 21. Rf2 Nb6 22. f5 f6 23. Nc4 Nd5 24. a3 g5 25. Nd2 a6 26. Nb3 Kh8 27. Nc5 g4 28. Ne6 Rg8 29. Qxe4 gxh3 30. Qh4 Rxg2+ 31. Rxg2 hxg2 32. e4 Nb6 33. Re3 Nd7 34. Rh3 Nf8 35. Nxf8 Rxf8 36. e5 Rf7 37. e6 Rg7 38. Qf4 Qd8 39. Re3 c5 40. Re2 cxd4 41. Rxg2 d3 42. Rxg7 Kxg7 43. e7 Qxe7 44. Qg3+ Kf7 45. Qxd3 Qc5+ 46. Kg2 Qb5 47. Qb1 Qe2+ 48. Kg3 h5 49. Qc1 Qg4+ 50. Kh2 Qh4+ 51. Kg2 Qg5+ 0-1

[Event "Bad Woerishofen op 28th"]
[Site "Bad Woerishofen"]
[Date "2012.03.02"]
[Round "1"]
[White "De Luna Butz, Alberto"]
[Black "Lodes, Hermann"]
[Result "0-1"]
[WhiteElo "1817"]
[BlackElo "2126"]
[PlyCount "48"]
[EventDate "2012.03.02"]
[EventType "swiss"]
[EventRounds "9"]
[EventCountry "GER"]
[SourceTitle "EXT 2019"]
[Source "ChessBase"]
[SourceDate "2018.10.10"]
[SourceVersion "1"]
[SourceVersionDate "2018.10.10"]
[SourceQuality "1"]

1. d4 d5 2. Bf4 Nf6 3. e3 g6 4. Bd3 Bg7 5. Nf3 c5 6. c3 Qb6 7. Qc1 Nc6 8. Nfd2 0-0 9. h3 Nd7 10. 0-0 e5 11. Bxe5 Ndxe5 12. dxe5 Nxe5 13. Be2 Bf5 14. Nf3 Nc6 15. Rd1 Rfd8 16. Bd3 Be6 17. Rd2 Rac8 18. e4 d4 19. c4 h6 20. Ne1 Qc7 21. b3 Re8 22. f3 Qd8 23. Re2 Qh4 24. Kh2 Be5+ 0-1

[Event "Nuremberg LGA Cup 8th"]
[Site "Nuremberg"]
[Date "2011.09.11"]
[Round "6"]
[White "Heimrath, Reiner"]
[Black "Lodes, Hermann"]
[Result "1-0"]
[WhiteElo "2189"]
[BlackElo "2060"]
[PlyCount "76"]
[EventDate "2011.09.08"]
[EventType "swiss"]
[EventRounds "7"]
[EventCountry "GER"]
[SourceTitle "CBM 144 Extra"]
[Source "ChessBase"]
[SourceDate "2011.10.28"]
[SourceVersion "1"]
[SourceVersionDate "2011.10.28"]
[SourceQuality "1"]

1. e4 c6 2. Nf3 d5 3. Nc3 g6 4. d4 Bg7 5. Be2 Bg4 6. Be3 e6 7. h3 Bxf3 8. Bxf3 Nd7 9. Qd2 h6 10. 0-0 Ne7 11. Rad1 Kf8 12. Ne2 Kg8 13. c3 Kh7 14. Qc2 Re8 15. h4 Kg8 16. h5 g5 17. c4 f5 18. exd5 exd5 19. cxd5 cxd5 20. Qb3 Nf6 21. Nc3 b6 22. g3 Kh8 23. Rfe1 Qd7 24. Be2 f4 25. gxf4 Qh3 26. fxg5 Ng4 27. Bxg4 Qxg4+ 28. Kf1 Qh3+ 29. Ke2 Nf5 30. Kd2 Nxd4 31. Bxd4 Bxd4 32. Rxe8+ Rxe8 33. Qxd5 Be5 34. Kc2 Qf5+ 35. Kb3 hxg5 36. Re1 Kg7 37. f3 Re7 38. Nb5 a6 1-0

[Event "Nuremberg Zabo op 12th"]
[Site "Nuremberg"]
[Date "2010.09.19"]
[Round "5"]
[White "Horneber, Thomas"]
[Black "Lodes, Hermann"]
[Result "1/2-1/2"]
[WhiteElo "1900"]
[BlackElo "2034"]
[PlyCount "48"]
[EventDate "2010.09.17"]
[EventType "swiss"]
[EventRounds "5"]
[EventCountry "GER"]
[SourceTitle "EXT 2011"]
[Source "ChessBase"]
[SourceDate "2010.11.26"]
[SourceVersion "1"]
[SourceVersionDate "2010.11.26"]
[SourceQuality "1"]

1. d4 d5 2. Nf3 c6 3. Bf4 Bf5 4. e3 Qb6 5. Qc1 e6 6. Be2 Nf6 7. 0-0 h6 8. h3 Be7 9. c4 0-0 10. c5 Qd8 11. Ne5 Nbd7 12. Nc3 Nxe5 13. Bxe5 Nd7 14. Bh2 e5 15. b4 Bf6 16. Qd2 Re8 17. Rfe1 a5 18. b5 a4 19. b6 Nf8 20. Bf1 Ne6 21. Ne2 Bh7 22. Rac1 exd4 23. Nxd4 Ng5 24. f3 Qd7 1/2-1/2